000 00679cam a2200205 4500500
005 20260329005915.0
041 _afre
042 _adc
100 1 0 _aGuillot, Apolline
_eauthor
700 1 0 _aPascal, Vincent
_eauthor
245 0 0 _aL’irruption du sexe et du pouvoir à l’écran
260 _c2017.
500 _a100
690 _aMichel Foucault
690 _aPier Paolo Pasolini
690 _aSade
690 _aSexualité
786 0 _nPhilosophie magazine - Hors séries | Hors-série Hiver 2017-2018 | HS36 | 2017-12-01 | p. 7-7 | 2104-9246
856 4 1 _uhttps://shs.cairn.info/magazine-philosophie-magazine-2017-hs36-page-7?lang=fr&redirect-ssocas=7080
999 _c1847777
_d1847777